000 00537cam a22002051 4500
001 he 67000374
003 DLC
005 20260227111444.0
008 840119s1966 is 000 1 heb
010 _ahe 67000374
035 _a(OCoLC)19149072
040 _aDLC
_cMH
_dCU
_dDLC
042 _apremarc
050 0 0 _aPJ5054.K573
_bI4
100 1 _aKohen, Meir,
_d1937-
245 1 0 _aʻIm redet ha-avaḳ :
_broman.
260 _a[Tel Aviv] :
_bB. Tsʼeriḳover,
_c726 [1966]
300 _a155 p. ;
_c19 cm
752 _aIsrael
_dTel Aviv
999 _c32179
_d32179